LEADER 01949nam a2200289 i 4500 001 000000010177 003 CaOOAMICUS 005 20230331123023.0 008 180830s17661768sz u000 u fre u 040 $aSeMil$bita 100 1 $aBurlamaqui, Jean-Jacques,$d<1694-1748>.$0(OLS)http://semarc/name/2784 245 10$aPrincipes du droit de la nature et des gens par J. J. Burlamaqui avec le suite du Droit de la nature qui n'avoit point encore paru. Le tout considérablemente augmenté par mr. le professeur De Felice. 260 $aYverdon :$b[s.n.],$c1766-1768. 300 $a8 v. ;$c8°. 650 4$aDiritto naturale.$0(OLS)http://semarc/subject/788 700 1 $aFélice, Fortune Barthelemy,$d<1723-1789>.$0(OLS)http://semarc/name/2783 774 0 $tTome 1. contenant la premiere partie du Droit de la nature.$g1$w()230135 774 0 $tTome 2. contenant la seconde partie du Droit de la nature.$g2$w()230137 774 0 $tTome 3. contenant la troisieme partie & le commencement de la quatrieme du Droit de la nature.$g3$w()230136 774 0 $tTome 4. contenant la continuation de la quatrieme partie du Droit de la nature.$g4$w()230140 774 0 $tTome 5. contenanti le reste de la quatrieme partie du Droit de la nature.$g5$w()230138 774 0 $tTome 6. contenant la premiere partie du Droit des gens, & le commencement de la seconde.$g6$w()230139 774 0 $tTome 7. contenant la suite de la seconde partie du Droit des gens, la troisieme & le commencement de la quatrieme.$g7$w()230142 774 0 $tTome 8. contenant la suite de la quatrieme partie du Droit des gens.$g8$w()230141 996 $6245$aPrincipes du droit de la nature et des gens par J. J. Burlamaqui avec le suite du Droit de la nature qui n'avoit point encore paru. Le tout considérablemente augmenté par mr. le professeur De Felice$9(OLS)http://semarc/title/13448 996 $6260$aYverdon :$b[s.n.]$9(OLS)http://semarc/publisher/32785 LEADER 01059nam a2200241 i 4500 001 000000185787 003 CaOOAMICUS 005 20100215000000.0 008 100215s1935 it u000 u ita u 013 $a163821 040 $aSeMil$bita 100 1 $aBérulle, Pierre : de,$c.$0(OLS)http://semarc/name/13670 245 10$aCura e direzione delle anime /$cCard. De Bérulle ; Prima traduzione italiana con note del Sac. M. Andreoletti. 260 $aMilano [etc.] :$bŔncora,$c1935. 300 $a80 p. ;$c16 cm. 490 0 $aCapolavori ascetici e mistici 650 4$aDirezione spirituale.$0(OLS)http://semarc/subject/2829 700 1 $aAndreoletti, Maurilio.$0(OLS)http://semarc/name/17883 830 0$aCapolavori ascetici e mistici.$0(OLS)http://semarc/title/6720 850 $aSeMil 852 $aSeMil$W1$xVenegono$y1$m3F I 84$j136474$B136474$CSeMilBibl$Z2$F148001 $81 996 $6245$aCura e direzione delle anime$9(OLS)http://semarc/title/267067 996 $6260$aMilano [etc.] :$bŔncora$9(OLS)http://semarc/publisher/32331